|
|
|
|
| LEADER |
02073nam a2200421 i 4500 |
| 001 |
29026 |
| 003 |
BD-DhAAL |
| 005 |
20230525144124.0 |
| 008 |
150320s2013 mdu 000 0 eng |
| 010 |
|
|
|a 2012953215
|
| 020 |
|
|
|a 9781421409887 (pbk. : acidfree paper)
|
| 020 |
|
|
|a 1421409887 (pbk. : acidfree paper)
|
| 020 |
|
|
|z 9781421409894 (electronic : alk. paper)
|
| 020 |
|
|
|z 1421409895 (electronic)
|
| 040 |
|
|
|a DLC
|b eng
|e rda
|c DLC
|d DLC
|d BD-DhAAL
|
| 041 |
1 |
|
|a eng
|
| 042 |
|
|
|a pcc
|
| 043 |
|
|
|a e-it---
|
| 050 |
0 |
0 |
|a BR877.F74
|b G5613 2013
|
| 082 |
|
|
|a 273.6
|
| 100 |
1 |
|
|a Ginzburg, Carlo.
|9 9918
|
| 240 |
1 |
0 |
|a Formaggio e i vermi.
|l English
|
| 245 |
1 |
4 |
|a The cheese and the worms :
|b the cosmos of a sixteenth-century miller /
|c Carlo Ginzburg, with a new preface ; translated by John and Anne C. Tedeschi.
|
| 260 |
|
|
|a Baltimore :
|b The Johns Hopkins University Press,
|c 2013.
|
| 300 |
|
|
|a xxxiii, 180 pages ;
|c 24 cm
|
| 541 |
|
|
|e 29026
|
| 600 |
1 |
0 |
|a Scandella, Domenico,
|d 1532-1601.
|9 9919
|
| 650 |
|
0 |
|a Christian heretics
|z Italy
|z Udine (Province)
|9 9920
|
| 650 |
|
0 |
|a Christian heresies
|x History
|y Modern period, 1500-
|9 9921
|
| 650 |
|
0 |
|a Peasants
|z Italy
|z Udine (Province)
|x History
|y 16th century.
|9 9922
|
| 651 |
|
0 |
|a Udine (Italy : Province)
|x Religious life and customs.
|9 9923
|
| 651 |
|
0 |
|a Udine (Italy : Province)
|x Civilization.
|9 9924
|
| 651 |
|
0 |
|a Udine (Italy : Province)
|x Church history.
|9 9925
|
| 942 |
|
|
|2 ddc
|c BK
|
| 999 |
|
|
|c 34112
|d 34112
|
| 952 |
|
|
|0 0
|1 0
|2 ddc
|4 0
|6 273_600000000000000_GIN
|7 0
|9 53230
|a BRACUL
|b BRACUL
|c GEN
|d 2015-03-20
|e Karim International
|g 2400.00
|l 2
|o 273.6 GIN
|p 3010029026
|r 2020-02-17
|s 2020-02-12
|t 1
|w 2015-03-20
|y BK
|
| 952 |
|
|
|0 0
|1 0
|2 ddc
|4 0
|6 273_600000000000000_GIN
|7 0
|9 53231
|a BRACUL
|b BRACUL
|c GEN
|d 2015-03-20
|e Karim International
|g 2400.00
|l 2
|m 3
|o 273.6 GIN
|p 3010029027
|q 2026-07-30
|r 2025-11-08
|s 2025-11-08
|t 2
|w 2015-03-20
|y BK
|
| 952 |
|
|
|0 0
|1 0
|2 ddc
|4 0
|6 273_600000000000000_GIN
|7 0
|9 53232
|a BRACUL
|b BRACUL
|c GEN
|d 2015-03-20
|e Karim International
|g 2400.00
|l 2
|m 7
|o 273.6 GIN
|p 3010029028
|r 2024-03-14
|s 2024-03-04
|t 3
|w 2015-03-20
|y BK
|